Oise - mort subite - Statistiques

Statistiques générales
  • Ce quiz a été pris 17 fois
  • Le résultat moyen est 15 sur 18
Answers on the Grid
Answers color-coded by a green-red scale on the quiz's grid according to % correct below.
Argenteuil
Alençon
L'ancien bâtiment le plus haut du monde
Le Touquet
Salem
Toulon
Le château de Chantilly
La dernière résidence de Van Gogh
Un stade de la Coupe Mondiale
Pont-Sainte-Maxence
Méru
Noyon
Le lieu de naissance de Dumas
Blida
Les Romeufontains
Parc Astérix
Creil
Sassandra-Marahoué
Beira
Mandaue
Nogent-sur-Oise
Signal de Botrange
Montataire
Mérignac
Nacala
Beauvais
Villers-Cotterêts
Hué
Une zone occupée par les britanniques en 1818
Senlis
Mono
Compiègne
Moçâmedes
Le château de Pierrefonds
Crépy-en-Valois
Cagnes-sur-Mer
 
Statistiques - réponses
Réponse % Correct
Beauvais
100%
Senlis
100%
Compiègne
94%
Creil
94%
Crépy-en-Valois
88%
Le château de Chantilly
88%
Le château de Pierrefonds
88%
Noyon
88%
Pont-Sainte-Maxence
88%
Montataire
82%
Nogent-sur-Oise
82%
Plailly Parc Astérix
82%
Villers-Cotterêts
Le lieu de naissance de Dumas
76%
Méru
76%
Le département entier, entre 1815 et 1818 Une zone occupée par les britanniques en 1818
76%
La cathédrale de Beauvais L'ancien bâtiment le plus haut du monde
71%
Auvers-sur-Oise La dernière résidence de Van Gogh
53%
Villers-Cotterêts
47%
Aucun quiz correspondant
Distribution des résultats
% des personnes avec chaque résultat
Percentile par nombre de réponses
Votre historique - résultats
Vous n’avez pas pris ce quiz